Montreal Canadiens Retired Numbers - Statistics

General Stats
  • This quiz has been taken 191 times
  • The average score is 13 of 18
Answer Stats
# Position Year Player % Correct
10 RW 1985 Guy Lafleur
96%
16 C 1975 Henri Richard
95%
9 RW 1960 Maurice Richard
95%
33 G 2008 Patrick Roy
95%
4 C 1971 Jean Béliveau
91%
1 G 1995 Jacques Plante
90%
29 G 2009 Ken Dryden
85%
19 D 2007 Larry Robinson
77%
7 C 1937 Howie Morenz
74%
18 D 2006 Serge Savard
71%
12 RW 2005 Yvan Cournoyer
71%
5 RW 2006 Bernie Geoffrion
68%
23 LW 2008 Bob Gainey
65%
2 D 1985 Doug Harvey
62%
5 D 2014 Guy Lapointe
62%
16 C 2009 Elmer Lach
51%
3 D 2009 Émile "Butch" Bouchard
47%
12 LW 2005 Dickie Moore
45%
No matching quizzes found
Score Distribution
Percent of People with Each Score
Percentile by Number Answered
Your Score History
You have not taken this quiz